Nuestra Señora de Guadalupe : (Registro nro. 24718)
[ vista simple ]
| 000 -LEADER | |
|---|---|
| fixed length control field | 01200cam a2200289 i 4500 |
| 001 - CONTROL NUMBER | |
| control field | 24718 |
| 003 - CONTROL NUMBER IDENTIFIER | |
| control field | Mx-PuUPA |
| 005 - DATE AND TIME OF LATEST TRANSACTION | |
| control field | 20250515134143.0 |
| 008 - FIXED-LENGTH DATA ELEMENTS--GENERAL INFORMATION | |
| fixed length control field | 140415s1979 nujao 000 0 mul d |
| 020 ## - INTERNATIONAL STANDARD BOOK NUMBER | |
| International Standard Book Number | 087450825 |
| 040 ## - CATALOGING SOURCE | |
| Original cataloging agency | Mx-PuUPA |
| Language of cataloging | spa |
| Transcribing agency | Mx-PuUPA |
| Modifying agency | Mx-PuUPA |
| Description conventions | rda |
| 041 1# - LANGUAGE CODE | |
| Language code of text/sound track or separate title | spa |
| -- | eng |
| 245 10 - TITLE STATEMENT | |
| Title | Nuestra Señora de Guadalupe : |
| Remainder of title | iglesia Madre de los hispanos de Nueva York Jubileo 75 = Our Lady of Guadalupe : mother spanish church of New York City 75th jubilee. |
| 246 31 - VARYING FORM OF TITLE | |
| Title proper/short title | Our Lady of Guadalupe : mother spanish church of New York City 75th jubilee. |
| 264 #1 - PRODUCTION, PUBLICATION, DISTRIBUTION, MANUFACTURE, AND COPYRIGHT NOTICE | |
| Place of production, publication, distribution, manufacture | Hackensack, NJ : |
| Name of producer, publisher, distributor, manufacturer | Custombook, |
| Date of production, publication, distribution, manufacture, or copyright notice | 1979 |
| 300 ## - PHYSICAL DESCRIPTION | |
| Extent | 26 páginas : |
| Other physical details | ilustraciones, fotografías ; |
| Dimensions | 28 cm |
| 336 ## - CONTENT TYPE | |
| Fuente | rdacontent |
| Content type term | texto |
| Content type code | txt |
| 337 ## - MEDIA TYPE | |
| Source | rdamedia |
| Media type term | sin medio |
| Media type code | n |
| 338 ## - CARRIER TYPE | |
| Source | rdacarrier |
| Carrier type term | volumen |
| Carrier type code | nc |
| 546 ## - LANGUAGE NOTE | |
| Language note | Edición bilingüe, español e inglés. |
| 600 04 - SUBJECT ADDED ENTRY--PERSONAL NAME | |
| Personal name | Nuestra Señora de Guadalupe (Iglesia: Nueva york, N.Y.) |
| 650 #7 - SUBJECT ADDED ENTRY--TOPICAL TERM | |
| Source of heading or term | armarc |
| Topical term or geographic name entry element | Católicos latinoamericanos |
| Geographic subdivision | Nueva York (Estado) |
| 650 #7 - SUBJECT ADDED ENTRY--TOPICAL TERM | |
| Source of heading or term | armarc |
| Topical term or geographic name entry element | Católicos hispanoamericanos |
| Geographic subdivision | Nueva York (Estado) |
| 942 ## - ADDED ENTRY ELEMENTS (KOHA) | |
| Source of classification or shelving scheme | Dewey Decimal Classification |
| Koha item type | Libro |
| Classification part | 282.097470904 |
| Item part | N64 |
| Withdrawn status | Lost status | Source of classification or shelving scheme | Damaged status | Not for loan | Collection code | Home library | Current library | Shelving location | Date acquired | Total Checkouts | Full call number | Barcode | Date last seen | Price effective from | Koha item type |
|---|---|---|---|---|---|---|---|---|---|---|---|---|---|---|---|
| Dewey Decimal Classification | General | Centro de Estudios Guadalupanos | Centro de Estudios Guadalupanos | Sala general | 03/12/2013 | 282.097470904 N64 1979 | 46136 | 05/01/2026 | 03/12/2013 | Libro |